| 000 | 01594cam a22002054a 4500 | ||
|---|---|---|---|
| 005 | 20250605164141.0 | ||
| 008 | 250528s ||||||||||||||||||||||||d | ||
| 035 | _a18965 | ||
| 020 | _a9605600153 | ||
| 040 |
_aGR-AtMCL _bgre _dGR-AtMCL _eAACR2 |
||
| 245 | 1 | _aΑνθολόγιο Θεματών της Σολωμικής Ποιησης | |
| 260 |
_bΑθήνα, _c1998 |
||
| 300 | _a208 | ||
| 505 | 0 | _aΠρόλογος, Εισαγωγή, Ανθολόγιο Θεμάτων, Φύση - Πολιτισμός, Η Φύση Ενδοκοσμικός Παράδεισος, Η Ενότητα του Μυθικού Σύμπαντος, Άτομο - Κοινωνία, Ελευθερία και Γλώσσα, Το Θέμα της Δοκιμασίας, Θάνατος - Ανάσταση, Το Φρικώδες και το Δαιμονικό, Προσωπική και Κοινωνική Σάτιρα, Επιλογή Βιβλιογραφίας. | |
| 520 | _aΠρόλογος, Εισαγωγή, Ανθολόγιο Θεμάτων, Φύση - Πολιτισμός, Η Φύση Ενδοκοσμικός Παράδεισος, Η Ενότητα του Μυθικού Σύμπαντος, Άτομο - Κοινωνία, Ελευθερία και Γλώσσα, Το Θέμα της Δοκιμασίας, Θάνατος - Ανάσταση, Το Φρικώδες και το Δαιμονικό, Προσωπική και Κοινωνική Σάτιρα, Επιλογή Βιβλιογραφίας. | ||
| 700 | 1 |
_aΚαψωμένος Ερατοσθένης _92830 |
|
| 942 | _cBK | ||
| 999 |
_c4261 _d4261 |
||